01305cam a22003257a 4500003000500000005001700005008004100022010001000063011001000073035001000083040000900093082001900102100003000121245015300151260003900304300001100343590004100354590004100395590004100436590004200477650003500519650003700554710006100591710008200652901000700734942001000741949007200751999001700823952013900840CHAP20220817041640.0971013s1979 r 00010 d a20670 a21642 a25732 cCHAP a338.10972bC4400aCernea, Michael M.92151613aLa cuantificación de los efectos de los proyectosb: la vigilancia y la evaluación en proyecto en el Proyecto de Desarrollo Rural PIDER-México aWashington :bBanco Mundial,c1979 a170 p. aBATCH-UPDb10c20130110lUCH01h1133 aBATCH-UPDb10c20130410lUCH01h0721 aBATCH-UPDb10c20130914lUCH01h1824 aCONVERSIONb10c20130109lUCH01h131214aMéxicoxCondiciones rurales.14aPolítica agrícolazMéxico.0 aBanco Internacional de Reconstrucción y Fomento.998480 aPrograma de Inversiones Públicas para el Desarrollo Rural. México.992302 aBK cLIBRO a338.10972 C44bBCcLIBROd33724000765095eLIBROh34629i25732mDsi c20670d20670 00102ddc4052708GRALaBCbBCcPA_GRALd2019-12-31fLIBROl0o338.10972 C44p33724000765095r2019-12-31 00:00:00w2019-12-31yLIBRO